|
|
|
|
| LEADER |
00951nam a22002898a 4500 |
| 001 |
27728 |
| 003 |
BD-DhAAL |
| 005 |
20131107130604.0 |
| 008 |
131107s2012 nyu b 001 0 eng |
| 010 |
|
|
|a 2012018462
|
| 020 |
|
|
|a 9781408288894
|
| 040 |
|
|
|a DLC
|c DLC
|d BD-DhAAL
|
| 050 |
0 |
0 |
|a H97
|b .H563 2012
|
| 082 |
0 |
0 |
|a 320.6
|2 23
|
| 100 |
1 |
|
|a Hill, Michael J.
|q (Michael James),
|d 1937-
|9 3474
|
| 245 |
1 |
4 |
|a The public policy process /
|c Michael Hill.
|
| 250 |
|
|
|a 6th ed.
|
| 260 |
|
|
|a New York ;
|a Harlow :
|b Pearson,
|c 2013.
|
| 263 |
|
|
|a 1208
|
| 300 |
|
|
|a xv, 350 p. :
|b ill. ;
|c 25 cm.
|
| 504 |
|
|
|a Includes bibliographical references and index.
|
| 541 |
|
|
|e 27728
|
| 650 |
|
0 |
|a Policy sciences.
|9 3475
|
| 650 |
|
0 |
|a Bureaucracy.
|9 3476
|
| 942 |
|
|
|2 ddc
|c BK
|
| 999 |
|
|
|c 14076
|d 14076
|
| 952 |
|
|
|0 0
|1 0
|2 ddc
|4 0
|6 320_600000000000000_HIL
|7 0
|9 23659
|a IGS
|b IGS
|c GEN
|d 2013-11-07
|e Trim Education
|g 5425.00
|l 0
|o 320.6 HIL
|p 3010027728
|r 2013-11-07
|t 1
|w 2013-11-07
|y BK
|